000 00304nam a2200121Ia 4500
008 190723s9999 xx 000 0 und d
020 _a978-81-8473-705-9
100 _aNalini Chandar
245 0 _aCell and Molecular Biology
260 _aNew Delhi
_bWolters kluwer
_c2010
300 _a236.:p
942 _cBK
999 _c1712
_d1712